Meilleurs Buteurs de ligue 1 - Statistiques

Statistiques générales
  • Ce quiz a été pris 68 fois
  • Le résultat moyen est 9 sur 15
Statistiques - réponses
Hint Réponse % Correct
29 Mbappé
100%
27 Lacazette
89%
16 Messi
81%
21 Openda
81%
19 Ben Yedder
75%
13 Neymar
74%
24 David
72%
21 Balogun
56%
20 Diallo
51%
14 Sanchez
51%
15 Laborde
46%
15 Gouiri
42%
18 Moffi
39%
19 Wahi
39%
12 Savanier
21%
Aucun quiz correspondant
Distribution des résultats
% des personnes avec chaque résultat
Percentile par nombre de réponses
Votre historique - résultats
Vous n’avez pas pris ce quiz